000 00287nam a2200133Ia 4500
082 _a615
_bE09G
100 _aGOYAL, R.K.
245 _aELEMENTS OF PHARMACOLOGY
250 _a9TH
260 _bB.S. SHAH
_aAHMEDABAD
_c2009
300 _a1-682
650 _aPHARMACOLOGY
942 _2ddc
_cBK
_02
999 _c259
_d259